Dobrý den, živote /

Uložené v:
Podrobná bibliografia
Hlavný autor: Kočí, Přemysl, 1917-2003
Médium: Kniha
Jazyk:Czech
Vydané: V Praze : Panorama, 1986.
Vydanie:1. vyd.
Edícia:Dramatické umění
ISBN: (viaz.)
Fyzický popis: 183 s., [48] s. obr. príl. : obr.
Tagy: Pridať tag
Žiadne tagy, Buďte prvý kto otaguje tento záznam!

MARC

LEADER 00000nam a22000003a 4500
001 000389605
005 20120708214936.0
008 971105s1986 xr f e 000 0 cze d
020 |a (viaz.)  |c Kčs 33,00 
040 |a SVKKK  |b slo  |c SVKKK  |e AACR2 
041 0 |a cze 
044 |a xr  |c CZ 
100 1 |a Kočí, Přemysl,  |d 1917-2003 
245 1 0 |a Dobrý den, živote /  |c Přemysl Kočí. 
250 |a 1. vyd. 
260 |a V Praze :  |b Panorama,  |c 1986. 
300 |a 183 s., [48] s. obr. príl. :  |b obr. 
490 1 |a Dramatické umění 
830 0 |a Dramatické umění 
910 |a svkkk 
998 |a BK 
090 |g SCKHL  |k Sklad Pribinova prízemie  |a IV.130367  |j 744440  |i B245683  |s Absenčne